Association between preterm birth and metabolic syndrome among overweight and obese children : a cross sectional study /
Saved in:
| Main Author: | |
|---|---|
| Format: | Thesis Book |
| Language: | English |
| Published: |
2018.
|
| Subjects: | |
| Tags: |
Add Tag
No Tags, Be the first to tag this record!
|
| LEADER | 01230cam a2200337 i 4500 | ||
|---|---|---|---|
| 001 | u1101270 | ||
| 003 | SIRSI | ||
| 005 | 201811301531 | ||
| 008 | 181130s2018 my a m 000 0 eng | ||
| 040 | |a UMP |e rda | ||
| 096 | |a WA20.5 |b UM 2018 Nooar | ||
| 100 | 0 | |a Noor Azwani Raduan, |e author. | |
| 245 | 1 | 0 | |a Association between preterm birth and metabolic syndrome among overweight and obese children : |b a cross sectional study / |c Noor Azwani Raduan. |
| 264 | 1 | |c 2018. | |
| 264 | 4 | |c 2018. | |
| 300 | |a xvi, 103 leaves : |b illustration ; |c 30cm. | ||
| 336 | |a text |2 rdacontent | ||
| 337 | |a unmediated |2 rdamedia | ||
| 338 | |a volume |2 rdacarrier | ||
| 502 | |b M.P.H. |c Department of Social and Preventive Medicine, Faculty of Medicine, University of Malaya |d 2018. | ||
| 504 | |a Bibliography: leaves 90-101. | ||
| 650 | 1 | 2 | |a Obesity. |
| 650 | 2 | 2 | |a Overweight. |
| 650 | 2 | 2 | |a Premature Birth. |
| 650 | 2 | 2 | |a Metabolic Syndrome. |
| 650 | 2 | 2 | |a Infant, Newborn. |
| 650 | 2 | 2 | |a Child |
| 710 | 2 | 0 | |a Universiti Malaya. |b Jabatan Perubatan Kemasyarakatan dan Pencegahan, |e degree granting institution. |
| 900 | |a RAH | ||
| 596 | |a 2 | ||
| 999 | |a WA20.5 UM 2018 NOOAR |w NLM |c 1 |i A517212705 |f 17/12/2018 |g 1 |l TESIS |m P02MEDKL |r Y |s Y |t TESIS |u 17/12/2018 | ||
